Music, dance & drama in Andhra Pradesh; (Record no. 66975)

MARC details
000 -LEADER
fixed length control field 00848cam a22002411 4500
001 - CONTROL NUMBER
control field sa 66000003
003 - CONTROL NUMBER IDENTIFIER
control field DLC
005 - DATE AND TIME OF LATEST TRANSACTION
control field 20260227112211.0
008 - FIXED-LENGTH DATA ELEMENTS--GENERAL INFORMATION
fixed length control field 780727s1960 ii b o000 0 eng
010 ## - LIBRARY OF CONGRESS CONTROL NUMBER
LC control number sa 66000003
035 ## - SYSTEM CONTROL NUMBER
System control number (OCoLC)4088466
040 ## - CATALOGING SOURCE
Original cataloging agency DLC
Transcribing agency NcGrE
Modifying agency DLC
042 ## - AUTHENTICATION CODE
Authentication code premarc
050 00 - LIBRARY OF CONGRESS CALL NUMBER
Classification number PN1582.I4
Item number A8
110 2# - MAIN ENTRY--CORPORATE NAME
Corporate name or jurisdiction name as entry element Andhra Pradesh Sangeeta Nataka Akademi.
245 10 - TITLE STATEMENT
Title Music, dance & drama in Andhra Pradesh;
Remainder of title report of the survey conducted by Andhra Pradesh Sangeeta Nataka Akademi, Hyderabad.
Statement of responsibility, etc. Editors: A. R. Krishna [and] Srinivasa Chakravarty.
250 ## - EDITION STATEMENT
Edition statement [1st ed.
260 ## - PUBLICATION, DISTRIBUTION, ETC.
Place of publication, distribution, etc. Hyderabad,
Date of publication, distribution, etc. 1960]
300 ## - PHYSICAL DESCRIPTION
Extent xiv, 357 p.
Other physical details fold. map
Dimensions 22 cm.
650 #0 - SUBJECT ADDED ENTRY--TOPICAL TERM
Topical term or geographic name entry element Performing arts
Geographic subdivision India
Form subdivision Directories.
700 2# - ADDED ENTRY--PERSONAL NAME
Personal name Krishna Sastri, A. R.,
Dates associated with a name 1890-1968,
Relator term ed.
700 1# - ADDED ENTRY--PERSONAL NAME
Personal name Chakravarty, Srinivasa,
Dates associated with a name 1911- ,
Relator term ed.

No items available.

Powered by Koha